Communes plus petites que toutes les communes plus peuplées - Statistiques

Statistiques générales
  • Ce quiz a été pris 24 fois
  • Le résultat moyen est 6 sur 19
Statistiques - réponses
Population (2023) Commune Superficie (km²) % Correct
519 127 Lyon 47,87
100%
2 103 778 Paris 105,4
100%
238 246 Lille 34,83
77%
163 684 Villeurbanne 14,52
59%
119 019 Boulogne-Billancourt 6,17
41%
93 941 Asnières-sur-Seine 4,82
32%
68 092 Levallois-Perret 2,41
32%
21 071 Saint-Mandé 0,92
27%
48 193 Vincennes 1,91
27%
82 902 Courbevoie 4,17
23%
1 812 Lannoy 0,18
14%
24 110 Le Kremlin-Bicêtre 1,54
14%
16 993 Le Pré-Saint-Gervais 0,7
14%
50 Castelmoron-d'Albret 0,04
9%
30 197 La Garenne-Colombes 1,78
9%
23 843 Les Lilas 1,26
9%
28 622 Vanves 1,56
9%
104 Vaudherland 0,09
9%
2 507 Sainte-Foy-la-Grande 0,51
0%
Aucun quiz correspondant
Distribution des résultats
% des personnes avec chaque résultat
Percentile par nombre de réponses
Votre historique - résultats
Vous n’avez pas pris ce quiz